| 000 | 00588nam a2200169Ia 4500 | ||
|---|---|---|---|
| 008 | 090201s9999 xx 000 0 und d | ||
| 010 | _aKPL-64368 | ||
| 040 | _bमराठी | ||
| 041 | _aमराठी | ||
| 082 |
_a32446 _b64368 |
||
| 100 | _aअशोक टिकेकर | ||
| 245 |
_aनवरा बायको का भांडतात ? _cअशोक टिकेकर |
||
| 260 |
_c2004 _bसंयम पब्लिकेशन्स |
||
| 300 |
_a248 _bमोठा |
||
| 600 | _aनवरा बायको का भांडतात ? | ||
| 942 | _cBOOK | ||
| 999 |
_c230770 _d230770 |
||